| 000 | 00918cam a2200277 i 4500 | ||
|---|---|---|---|
| 001 | 4219654 | ||
| 003 | OSt | ||
| 005 | 20240227105814.0 | ||
| 008 | 811207s1980 enkahk 001 0 eng | ||
| 010 | _a 81470543 | ||
| 015 | _aGB80-13001 | ||
| 020 |
_a0714820040 : _c£12.95 |
||
| 040 |
_aDLC _cDLC _dDLC |
||
| 050 | 0 | 0 |
_aNC960 _b.C714 |
| 082 | 0 | 0 |
_a741.6 _219 _bCOM |
| 245 | 0 | 4 |
_aThe Complete guide to illustration and design techniques and materials / _cconsultant editor Terence Dalley. |
| 260 |
_aOxford : _bPhaidon, _c1980. |
||
| 300 |
_a224 p. : _bill. (some col.), facsims. (some col.), form ; _c31 cm. |
||
| 500 | _aIncludes index. | ||
| 650 | 0 |
_aIllustration of books. _9121423 |
|
| 650 | 0 |
_aGraphic arts. _933010 |
|
| 700 | 1 |
_aDalley, Terence. _9121424 |
|
| 906 |
_a7 _bcbc _corignew _d4 _encip _f19 _gy-gencatlg |
||
| 942 |
_2ddc _cBK _aSADA _k741.6 COM 1980 |
||
| 999 |
_c608313 _d608313 |
||